000 00287nam a22001337a 4500
008 170210b xxu||||| |||| 00| 0 eng d
020 _a9780716722823
041 _aeng
080 _22ND
_a61
100 _a4
101 _aSHM
245 _aRECOMBINANT DNA
_cWATSON, J.D
942 _2udc
_cBK
999 _c5099
_d5099